00262nam a2200097 a 450000500170000000800410001705000180005810000200007624500250009626000430012120140414131855.0100901s19uu xx 00 eng d aFILbSi3 2009 aMatias, Segundo aSikat ang mommy ko!. aManila, Philippines :bLampara,c2009.